| 000 | 00536nam a22001937a 4500 | ||
|---|---|---|---|
| 003 | OSt | ||
| 020 | _a9382226116 | ||
| 082 |
_a658.15 _bDOD/TE |
||
| 100 | _aDodge, Haan | ||
| 245 | _aTechniques of financial management | ||
| 260 |
_aNew Delhi _bRandom Exports _c2013 |
||
| 300 | _a312 pages; | ||
| 650 | _aObjective of fiscal policy | ||
| 650 | _aBank credit and the rural economy | ||
| 650 | _aGlobal financial trend | ||
| 650 | _aMultinational capital budgeting | ||
| 650 | _aForeign exchange market | ||
| 942 |
_2ddc _cBK |
||
| 999 |
_c130865 _d130865 |
||